Reverse Dictionary #34 - Statistics

General Stats
  • This quiz has been taken 52 times
  • The average score is 18 of 25
Answer Stats
Definition First
Letter
Word % Correct
The child of a person's uncle or aunt. C Cousin
100%
To consume (a liquid) through the mouth. D Drink
100%
An excavation in the earth as a place of burial. G Grave
100%
The study of all life or living matter. B Biology
98%
(law) A formal declaration of one's intent concerning the disposal of one's property and holdings after death; the legal document stating such wishes. W Will
98%
A small, usually uncultivated area adjoining or (now especially) within the precincts of a house or other building. Or (US, Canada, Australia), the property surrounding one's house, typically dominated by one's lawn. Y Yard
95%
(of a material or object) See-through, clear; having the property that light passes through it almost undisturbed. T Transparent
93%
A genre of dance music that was popular in the 1970s, characterized by elements of soul music with a strong Latin-American beat and often accompanied by pulsating lights. D Disco
91%
Conforming to a standard of right behaviour; sanctioned by or operative on one's conscience or ethical judgment. M Moral
89%
A little bundle or parcel. P Packet
89%
A looping of a piece of string or of any other long, flexible material that cannot be untangled without passing one or both ends of the material through its loops. K Knot
86%
Lack of emotion or motivation; lack of interest or enthusiasm towards something; disinterest (in something). A Apathy
75%
Any of several mammalian species of the genus Sus, having cloven hooves, bristles and a nose adapted for digging; especially the domesticated animal Sus domesticus. P Pig
70%
To move forward in space or time. A Advance
68%
An organism capable of photosynthesis that is grown indoors for decorative purposes. H Houseplant
66%
(of a person or entity) Generally or widely known for something negative; infamous. N Notorious
66%
The soft light in the sky seen before the rising and (especially) after the setting of the sun, occasioned by the illumination of the earth’s atmosphere by the direct rays of the sun and their reflection on the earth. T Twilight
66%
A substantial, often approximately cuboid, piece of any substance. B Block
59%
A process of decision-making that seeks widespread agreement among group members. C Consensus
59%
The act of expressing or feeling sorrow or regret; lamentation. M Mourning
57%
To be grateful or thankful for. A Appreciate
52%
The probability of a negative outcome to a decision or event. R Risk
45%
Owed or owing. D Due
43%
Having been in existence for a long time and therefore recognized and generally accepted. E Established
25%
Convenient; suitable; opportune. F Favorable
16%
No matching quizzes found
Score Distribution
Percent of People with Each Score
Percentile by Number Answered
Your Score History
You have not taken this quiz